000 01154nam a22001937a 4500
003 DNLM
005 20220326193246.0
008 140329b xxu||||| |||| 00| 0 eng d
020 _a9789681638672
040 _c##$aCtY$cMH
082 _a320.54
_bA545c
100 _aAnderson, Benedict
_9188
245 _aComunidades Imaginadas
_bReflexiones sobre el origen y la difusión del nacionalismo
250 _aQuinta edición
260 _aMéxico, D. F.
_bFondo de Cultura Económica
_c2011
300 _a320 p.
_bill (a color)
_c17 cm
505 _tReconocimientos
_tPrólogo a la Segunda Edición
_tI. Introducción Conceptos y definiciones
_tII. Las raíces culturales Las comunidades religiosas El reino dinástico Las aprehensiones del tiempo
_tIII. El origen de la conciencia nacional
_tIV. Los pioneros criollos
_tV. Lenguas antiguas, modelos nuevos
_tVI. El nacionalismo oficial y el imperialismo
_tVII. La última oleada
_tVIII. Patriotismo y racismo
_tIX. El ángel de la historia
_tX. El censo, el mapa y el museo El censo El mapa El museo
_tXI. La memoria y el olvido
_tBibliografía
_tÍndice analítico
610 _xNacionalismo
_xComunidades
_xBenedict Anderson
_9189
999 _c28
_d28